000
00265nam a22001097a 4500
008
160519b xxu||||| |||| 00| 0 eng d
020
_a
0878932720
041
_a
eng
080
_a
575
245
_a
Principles of population genetics;
_c
Daniel L. Hartl
942
_2
udc
_c
BK
999
_c
2251
_d
2251